El fantasma de Canterville (Registro nro. 48304)
[ vista simple ]
| 000 -ENCABEZADO | |
|---|---|
| Número de control [NR] | 00921nam a2200253Ia 4500 |
| 008 - DE LONGITUD FIJA DE DATOS DE ELEMENTOS - INFORMACIÓN GENERAL | |
| Elementos de longitud fija [NR] | 130821s2002 sp gr spa |
| 020 ## - NUMERO INTERNACIONAL NORMALIZADO PARA LIBROS [R] | |
| Número Internacional Normalizado del libro [NR] | 8420636274 |
| 040 ## - FUENTE DE CATALOGACION [NR] | |
| Agencia de catalogación original [NR] | Co-BoUCM |
| Idioma de catalogación [NR] | spa |
| 041 00 - CODIGO DE IDIOMA [R] | |
| Código de idioma para texto/pista de sonido o título separado [R] | Español |
| 100 1# - ASIENTO PRINCIPAL--NOMBRE PERSONAL [NR] | |
| Nombre personal [NR] | Wilde, Oscar |
| Fechas asociadas con el nombre [NR] | 1854-1900 |
| ID Autoridad | 40163 |
| 245 13 - MENCION DE TITULO [NR] | |
| Título [NR] | El fantasma de Canterville |
| Mención de responsabilidad, etc. [NR] | Oscar Wilde; traducción de Julio Gómez de la Serna y E.P. Garduño |
| 260 ## - PUBLICACION, DISTRIBUCION, ETC. (PIE DE IMPRENTA) [R] | |
| Lugar de publicación, distribución, etc. [R] | Barcelona (España) |
| Nombre del editor, distribuidor, etc. [R] | Alianza Editorial |
| Fecha de publicación, distribución, etc. [R] | 2002 |
| 300 ## - DESCRIPCION FISICA [R] | |
| Extensión [R] | 173 páginas |
| 490 ## - MENCION DE SERIE [R] | |
| Mención de serie [R] | El Libro de Bolsillo. |
| Designación numérica/secuencial del volumen [NR] | 8002 |
| Mención de serie [R] | Biblioteca Temática Juvenil |
| 650 04 - ASIENTO SECUNDARIO DE MATERIA - TERMINO TEMATICO [R] | |
| Término temático o nombre geográfico como elemento de entrada [NR] | Cuentos de terror |
| 9 (RLIN) | 12268 |
| 650 04 - ASIENTO SECUNDARIO DE MATERIA - TERMINO TEMATICO [R] | |
| Término temático o nombre geográfico como elemento de entrada [NR] | Cuentos ingleses |
| 9 (RLIN) | 12291 |
| 650 04 - ASIENTO SECUNDARIO DE MATERIA - TERMINO TEMATICO [R] | |
| Término temático o nombre geográfico como elemento de entrada [NR] | Historias de aventuras |
| 9 (RLIN) | 16966 |
| 650 04 - ASIENTO SECUNDARIO DE MATERIA - TERMINO TEMATICO [R] | |
| Término temático o nombre geográfico como elemento de entrada [NR] | Literatura europea |
| 9 (RLIN) | 26524 |
| 650 04 - ASIENTO SECUNDARIO DE MATERIA - TERMINO TEMATICO [R] | |
| Término temático o nombre geográfico como elemento de entrada [NR] | Literatura inglesa |
| 9 (RLIN) | 272 |
| 700 1# - ASIENTO SECUNDARIO - NOMBRE PERSONAL [R] | |
| Nombre personal [NR] | Garduño, E.P. |
| Término de relación [R] | |
| 9 (RLIN) | 162455 |
| 700 1# - ASIENTO SECUNDARIO - NOMBRE PERSONAL [R] | |
| Nombre personal [NR] | Gómez De La Serna, Julio |
| Término de relación [R] | |
| 9 (RLIN) | 130609 |
| 942 ## - ELEMENTOS DE ENTRADA AGREGADOS (KOHA) | |
| Tipo de ítem principal el descrito en 300a | Libro |
| Tema principal | Literatura |
| Edición | 1 |
| Parte restante de la signatura top. | W671f |
| Sistema de clasificación | DEWEY |
| Clasificación | 828.8 |
| Título oculto en OPAC | No |
| Fecha de último préstamo | Total préstamos | Total Renewals | Signatura topográfica | Código de barras | Última vez visto | Ejemplar | Price effective from | Tipo de ítem | Nota pública (OPAC) | Perdido | Sistema de clasificación | Dañado | No prestable | Tipo de ítem específico | Suprimido | Ubicación habitual | Ubicación actual | Localización | Fecha de creación | Forma de adquisición | Costo |
|---|---|---|---|---|---|---|---|---|---|---|---|---|---|---|---|---|---|---|---|---|---|
| 22/07/2024 | 36 | 3 | 828.8 W671f | 100075969 | 11/12/2025 | Ej.1 | 03/02/2013 | Libro | Spot Literatura general | DEWEY | Libro | Quinta de Mutis | Quinta de Mutis | Mezanecs | 28/02/2006 | Compra | 29000.00 |